000 00705nam a2200217 i 4500
001 bg
100 1 _aCieślik, Jerzy.
245 1 0 _aPrzedsiębiorczość dla ambitnych :
_bjak uruchomić własny biznes /
_cJerzy Cieślik.
260 _aWarszawa :
_bWydawnictwa Akademickie i Profesjonalne,
_c2006.
300 _a443 s. ;
_c24 cm.
650 9 _aPrzedsiębiorstwo
_xorganizacja
655 _aPodręczniki
020 _a9788360501047
040 _cBPK
041 0 _apol
080 _a658.1/.5.012(07)
920 _a978-83-60501-04-7
942 _cKS
008 s pl f |000 0 pol
999 _c52861
_d52861
856 _uhttp://koha.tu.koszalin.pl/cgi-bin/koha/opac-detail.pl?biblionumber=52861
_yKatalog online BPK